000 00351 a2200157 4500
001 46836
020 _a9788574167183
040 _cAnchieta - Aquarius
100 _aAzcona, Marta
240 1 0 _aUm presente diferente
_lpor
245 1 0 _aUm presente diferente
300 _a
362 0 _a2012
650 4 _aLiteratura infanto-juvenil
942 _cBK
999 _c46836
_d46836